[Event "3rd EUR-ch"]
[Site "Batumi GEO"]
[Date "2002.06.14"]
[Round "3"]
[White "Popov, Valery"]
[Black "Kekelidze, Mikheil"]
[Result "1/2-1/2"]
[WhiteElo "2575"]
[BlackElo "2477"]
[EventDate "2002.06.12"]
[PlyCount "147"]

1.d4 Nf6 2.Nf3 c5 3.d5 d6 4.c4 g6 5.Nc3 Bg7 6.e4 O-O 7.Be2 e6 8.O-O exd5 
9.cxd5 Re8 10.Nd2 Na6 11.f3 Nc7 12.a4 b6 13.Nc4 Ba6 14.Kh1 Rb8 15.Bg5 Qd7 
16.Qd2 Bxc4 17.Bxc4 a6 18.Rfe1 b5 19.Bf1 bxa4 20.Nxa4 Rb4 21.Nc3 Reb8 22.
Ra2 Nfe8 23.Bd3 Nb5 24.Rxa6 Nec7 25.Ra2 c4 26.Bf1 Nxc3 27.bxc3 Rb3 28.Bxc4
Rxc3 29.Rc1 Nb5 30.Bf1 Rbc8 31.Rxc3 Nxc3 32.Rc2 f5 33.exf5 Qxf5 34.Be3 Rc7
35.Rc1 Qxd5 36.Qb2 Qc6 37.h3 d5 38.Qb8+ Rc8 39.Qb4 Qe6 40.Bf2 Na2 41.Rxc8+
Qxc8 42.Qd6 Nc3 43.Bd3 Qe8 44.Kg1 Qe5 45.Qd8+ Kf7 46.Qd7+ Qe7 47.Qc6 Qe6 
48.Qc7+ Qe7 49.Qf4+ Kg8 50.Qb8+ Kf7 51.Qb3 Qe6 52.Kf1 Qc6 53.Be1 Bf6 54.h4
Qc5 55.Qb7+ Qe7 56.Qc6 Qe3 57.Qc7+ Kg8 58.Ba6 Bd4 59.Qh2 Be5 60.Qg1 Qxg1+ 
61.Kxg1 Kf7 62.Bd3 Nd1 63.Bc2 Bc3 64.Bg3 Bd4+ 65.Kh2 Ne3 66.Bd3 Ke6 67.Kh3
Nc4 68.h5 Kf6 69.f4 Nd6 70.Bh4+ Kg7 71.Kg4 Ne4 72.hxg6 hxg6 73.Bb5 Bf6 74.
Be1 1/2-1/2

[Event "3rd EUR-ch"]
[Site "Batumi GEO"]
[Date "2002.06.14"]
[Round "3"]
[White "Galkin, Alexander"]
[Black "Gaprindashvili, Valerian"]
[Result "1-0"]
[WhiteElo "2569"]
[BlackElo "2476"]
[EventDate "2002.06.12"]
[PlyCount "77"]

1.e4 e6 2.d4 d5 3.Nc3 dxe4 4.Nxe4 Nd7 5.Nf3 Ngf6 6.Nxf6+ Nxf6 7.c3 Be7 8.
Bd3 O-O 9.O-O b6 10.Qe2 Bb7 11.Bf4 Qc8 12.Be5 c5 13.Rfe1 Nd7 14.Bg3 a6 15.
Rad1 Qc6 16.d5 Qxd5 17.Bxh7+ Kxh7 18.Rxd5 Bxd5 19.Rd1 Nf6 20.c4 Bc6 21.
Ng5+ Kg6 22.Nxe6 fxe6 23.Qxe6 Rad8 24.Rxd8 Rxd8 25.h3 Rd1+ 26.Kh2 Rd2 27.
Qxc6 Rxb2 28.Qe6 Bf8 29.f4 Rd2 30.f5+ Kh7 31.Qf7 Bd6 32.Bxd6 Rxd6 33.Qc7 
Rd4 34.Qxb6 Rxc4 35.Qxa6 Rf4 36.a4 c4 37.Qc6 c3 38.a5 Rxf5 39.a6 1-0

[Event "3rd EUR-ch"]
[Site "Batumi GEO"]
[Date "2002.06.14"]
[Round "3"]
[White "Jobava, Baadur"]
[Black "Potkin, Vladimir"]
[Result "1-0"]
[WhiteElo "2566"]
[BlackElo "2493"]
[EventDate "2002.06.12"]
[PlyCount "67"]

1.d4 d5 2.c4 e6 3.Nc3 c6 4.e4 dxe4 5.Nxe4 Bb4+ 6.Bd2 Qxd4 7.Bxb4 Qxe4+ 8.
Be2 Na6 9.Bd6 Qxg2 10.Qd4 Nh6 11.O-O-O Nf5 12.Qd2 Nxd6 13.Bf3 Qg6 14.Bxc6+
bxc6 15.Qxd6 Qg5+ 16.f4 Qa5 17.Qxc6+ Ke7 18.Qxa8 Qxa2 19.Qxa7+ Ke8 20.Qd4 
f6 21.Ne2 Qa1+ 22.Kc2 Qa4+ 23.Kb1 e5 24.Qe4 Nc5 25.Qc2 Nb3 26.Qd3 Kf7 27.
Nc3 Qa1+ 28.Kc2 Nd4+ 29.Qxd4 Bf5+ 30.Kb3 Rb8+ 31.Nb5 Rxb5+ 32.cxb5 Qa5 33.
Qc4+ Be6 34.Rd7+ 1-0

[Event "3rd EUR-ch"]
[Site "Batumi GEO"]
[Date "2002.06.14"]
[Round "3"]
[White "Shengelia, Davit"]
[Black "Sturua, Zurab"]
[Result "1/2-1/2"]
[WhiteElo "2415"]
[BlackElo "2565"]
[EventDate "2002.06.12"]
[PlyCount "101"]

1.d4 Nf6 2.Nf3 g6 3.c4 Bg7 4.g3 c5 5.Bg2 Qa5+ 6.Nc3 Ne4 7.Qd3 cxd4 8.Nxd4 
Nc5 9.Qd1 Nc6 10.e3 Ne6 11.O-O O-O 12.Nd5 Nexd4 13.exd4 e6 14.Bd2 Qd8 15.
Nc3 Nxd4 16.Be3 e5 17.Qd2 d6 18.Bxd4 exd4 19.Nb5 Qb6 20.a4 a6 21.a5 Qc5 
22.b4 Qxc4 23.Nxd6 Qc7 24.Ne4 Bd7 25.Rac1 Bc6 26.Qg5 Rfd8 27.Rfd1 Rac8 28.
Bh3 h6 29.Qh4 Rb8 30.Rc5 f5 31.Nf6+ Kh8 32.Bg2 Rd6 33.Nd5 Qf7 34.Qf4 Rbd8 
35.Nb6 d3 36.Nc4 Rd4 37.Ne5 Qe6 38.Qe3 Bxg2 39.Kxg2 Re4 40.Rxd3 Rxd3 41.
Nxg6+ Qxg6 42.Qxd3 Kh7 43.b5 Rd4 44.Qf3 axb5 45.Qxb7 Ra4 46.Qxb5 Qg4 47.
Rxf5 Qe4+ 48.Rf3 Ra3 49.Qf5+ Qxf5 50.Rxf5 Ra2 51.h4 1/2-1/2

[Event "3rd EUR-ch"]
[Site "Batumi GEO"]
[Date "2002.06.14"]
[Round "3"]
[White "Chibukhchian, Artur"]
[Black "Izoria, Zviad"]
[Result "1/2-1/2"]
[WhiteElo "2379"]
[BlackElo "2556"]
[EventDate "2002.06.12"]
[PlyCount "46"]

1.d4 Nf6 2.Nf3 e6 3.Bg5 h6 4.Bh4 d6 5.h3 Be7 6.c4 b6 7.Nc3 Bb7 8.e3 O-O 9.
Be2 c5 10.O-O cxd4 11.exd4 d5 12.Bxf6 Bxf6 13.cxd5 exd5 14.Bb5 a6 15.Ba4 
Qd6 16.Re1 b5 17.Bc2 Nd7 18.Qd3 g6 19.h4 h5 20.g3 Rfe8 21.Ne2 Re4 22.Qd2 
Rae8 23.Nf4 R4e7 1/2-1/2

[Event "3rd EUR-ch"]
[Site "Batumi GEO"]
[Date "2002.06.14"]
[Round "3"]
[White "Dovliatov, Sanan"]
[Black "Macieja, Bartlomiej"]
[Result "0-1"]
[WhiteElo "2318"]
[BlackElo "2584"]
[EventDate "2002.06.12"]
[PlyCount "60"]

1.e4 c5 2.Nf3 e6 3.d4 cxd4 4.Nxd4 a6 5.g3 d5 6.e5 Nc6 7.Nxc6 bxc6 8.Bg2 
Qc7 9.O-O Qxe5 10.c4 Nf6 11.Nc3 Qc7 12.Re1 Be7 13.Bf4 Qd8 14.Qa4 Bd7 15.
Rad1 O-O 16.Qc2 Re8 17.Na4 a5 18.c5 Bc8 19.Nb6 Ra7 20.Rd3 Nd7 21.Nxd7 Bxd7
22.Rb3 a4 23.Rb6 Qa8 24.Qc3 Rb7 25.Bf1 Rxb6 26.cxb6 Qb7 27.Bc7 Bd8 28.Qe5 
Bxc7 29.bxc7 Rc8 30.Qf4 c5 0-1

[Event "3rd EUR-ch"]
[Site "Batumi GEO"]
[Date "2002.06.14"]
[Round "3"]
[White "Aronian, Levon"]
[Black "Arutinian, David"]
[Result "0-1"]
[WhiteElo "2571"]
[BlackElo "2427"]
[EventDate "2002.06.12"]
[PlyCount "118"]

1.d4 d5 2.c4 c6 3.Nf3 Nf6 4.Nc3 dxc4 5.e4 b5 6.e5 Nd5 7.a4 e6 8.Ng5 h6 9.
Nge4 b4 10.Nb1 Ba6 11.Nbd2 Nf4 12.Qg4 Nd3+ 13.Bxd3 cxd3 14.O-O h5 15.Qf4 
Be7 16.Nf3 d2 17.Bxd2 Bxf1 18.Rxf1 Na6 19.Nd6+ Bxd6 20.exd6 f6 21.Re1 Qd7 
22.Qe4 O-O-O 23.Qg6 Qxd6 24.Qxg7 Nc7 25.Qxf6 Rhf8 26.Qg6 Rxf3 27.gxf3 Qxd4
28.Bg5 Rd5 29.Bf6 Qf4 30.Qg8+ Kb7 31.Qg7 Qd2 32.Kf1 Rd7 33.Qg8 Qf4 34.Be5 
Qxf3 35.Qg3 Qh1+ 36.Ke2 Qe4+ 37.Kf1 Qc4+ 38.Kg2 h4 39.Qf3 Nd5 40.h3 Qc2 
41.Re4 Rh7 42.a5 Ka6 43.Rg4 Rh5 44.Bd4 Rf5 45.Qe4 Qxe4+ 46.Rxe4 Rf4 47.f3 
Kxa5 48.Bxa7 Rxe4 49.fxe4 Nf4+ 50.Kf3 Nd3 51.Ke2 Nxb2 52.Bf2 Nc4 53.Bxh4 
b3 54.Kd3 Kb4 55.Be1+ Ka3 56.Bc3 Nd6 57.h4 c5 58.Be5 Ka2 59.h5 c4+ 0-1

[Event "3rd EUR-ch"]
[Site "Batumi GEO"]
[Date "2002.06.14"]
[Round "3"]
[White "Zhukova, Natalia"]
[Black "Delchev, Alexander"]
[Result "0-1"]
[WhiteElo "2425"]
[BlackElo "2550"]
[EventDate "2002.06.12"]
[PlyCount "106"]

1.d4 Nf6 2.c4 g6 3.Nc3 Bg7 4.e4 d6 5.f3 O-O 6.Nge2 c5 7.d5 e6 8.Ng3 exd5 
9.cxd5 a6 10.a4 Nbd7 11.Be2 Re8 12.O-O h5 13.Bg5 Nf8 14.Qd2 N8h7 15.Bh6 
Bh8 16.Nh1 h4 17.Be3 Nh5 18.f4 f5 19.Bxh5 gxh5 20.e5 dxe5 21.Bxc5 b6 22.
Bf2 Bb7 23.h3 e4 24.Rfd1 Qd6 25.Qe3 Nf8 26.Bxh4 Ng6 27.Bg5 h4 28.Ra3 Rac8 
29.g3 Qb4 30.d6 Qxb2 31.Ne2 Bc6 32.gxh4 Bd7 33.Nhg3 Rc2 34.Rb3 Qa2 35.Rxb6
Qxa4 36.Rb7 Rec8 37.Rdb1 Ra2 38.Rxd7 Ra3 39.Qd2 Rd3 40.Rc7 Rxd2 41.Rxc8+ 
Kf7 42.h5 Nf8 43.Rb7+ Ke6 44.Re7+ Kd5 45.Rxf8 Qd1+ 46.Kg2 Rxe2+ 47.Nxe2 
Qxe2+ 48.Kh1 Qf1+ 49.Kh2 Qf2+ 50.Kh1 Bd4 51.Re5+ Kc4 52.Rc8+ Kb3 53.Rc1 
Qe3 0-1

[Event "3rd EUR-ch"]
[Site "Batumi GEO"]
[Date "2002.06.14"]
[Round "3"]
[White "Shanava, Konstantine"]
[Black "Markowski, Tomasz"]
[Result "1/2-1/2"]
[WhiteElo "2390"]
[BlackElo "2538"]
[EventDate "2002.06.12"]
[PlyCount "139"]

1.e4 c5 2.Nf3 e6 3.d4 cxd4 4.Nxd4 a6 5.c4 Nf6 6.Nc3 Bb4 7.Bd3 Qc7 8.Ne2 
O-O 9.O-O Be7 10.b3 d6 11.Bb2 Nbd7 12.Rc1 b6 13.Kh1 Bb7 14.Nd4 Rfe8 15.Bb1
Bf8 16.f4 Rac8 17.Qf3 Qb8 18.Qh3 g6 19.Rce1 Bg7 20.Nf3 b5 21.Nd2 Ba8 22.
cxb5 axb5 23.b4 Qb6 24.Nb3 h5 25.Re2 Rc4 26.Bd3 Rec8 27.Bxc4 bxc4 28.Na1 
Qxb4 29.Nc2 Qa5 30.Ba3 Nc5 31.Bb4 Qb6 32.Qe3 Nfd7 33.Rb1 Bxc3 34.Qxc3 Nxe4
35.Qe1 Qc6 36.Nd4 Qb7 37.Rd1 c3 38.Nc2 Qc6 39.a3 Ndf6 40.h3 Qa6 41.Re3 Qc6
42.Re2 Qb5 43.Kg1 Bd5 44.Rd4 Ng3 45.Re3 Nf5 46.Rxc3 Rxc3 47.Qxc3 Nxd4 48.
Nxd4 Qb6 49.Kh2 Ne4 50.Qb2 Qa6 51.Nf3 Qb6 52.Ng5 Qe3 53.Nxe4 Qxf4+ 54.Ng3 
h4 55.Be1 e5 56.Qc3 hxg3+ 57.Bxg3 Qe4 58.Qd2 f5 59.Bh4 f4 60.Be7 Kf7 61.
Bxd6 Ke6 62.Bb4 g5 63.Qf2 Bc6 64.Bc3 Qd3 65.Bb2 Kf5 66.Qe1 Qd5 67.Qe2 e4 
68.Qg4+ Kg6 69.h4 Bd7 70.Qxg5+ 1/2-1/2

[Event "3rd EUR-ch"]
[Site "Batumi GEO"]
[Date "2002.06.14"]
[Round "3"]
[White "Malakhatko, Vadim"]
[Black "Asylguzhin, Radik"]
[Result "1-0"]
[WhiteElo "2517"]
[BlackElo "2387"]
[EventDate "2002.06.12"]
[PlyCount "137"]

1.d4 d5 2.Nf3 e6 3.c4 dxc4 4.e4 b5 5.a4 c6 6.axb5 cxb5 7.b3 Nf6 8.bxc4 
Nxe4 9.c5 Bxc5 10.Bxb5+ Bd7 11.Bxd7+ Qxd7 12.dxc5 Qxd1+ 13.Kxd1 Nxf2+ 14.
Ke2 Nxh1 15.Bf4 O-O 16.Bd6 Rc8 17.Nc3 Nd7 18.Na4 Rc6 19.Rxh1 Ra6 20.Nc3 
Rc8 21.Rb1 f6 22.Rb5 Kf7 23.Rb7 Ke8 24.Nb5 Ra2+ 25.Ke3 Rxg2 26.Nfd4 Rxc5 
27.Bxc5 Nxc5 28.Nd6+ Kf8 29.Rf7+ Kg8 30.Rc7 h5 31.Rxc5 Rxh2 32.Nxe6 Rh1 
33.Rc8+ Kh7 34.Nf8+ Kg8 35.Ne6+ Kh7 36.Ke2 Rh2+ 37.Kf3 Rh3+ 38.Ke4 Rh1 39.
Nf8+ Kg8 40.Kf5 Rf1+ 41.Kg6 Rg1+ 42.Kxh5 Rg5+ 43.Kh4 Rd5 44.Ne6+ Kh7 45.
Nf7 Rb5 46.Rc7 Rb6 47.Nfd8 Kg6 48.Rxg7+ Kf5 49.Rxa7 Rb4+ 50.Kh5 Rb1 51.
Ra5+ Ke4 52.Kg6 Rf1 53.Nf7 Kd3 54.Nd6 Kc3 55.Rc5+ Kd3 56.Nf5 Rd1 57.Kxf6 
Ke4 58.Rc4+ Kd3 59.Ra4 Rf1 60.Nc5+ Kc3 61.Ke5 Re1+ 62.Kd5 Rd1+ 63.Nd4 Rh1 
64.Ra3+ Kb2 65.Re3 Rh8 66.Kc4 Rh4 67.Nd3+ Kb1 68.Kc3 Rh1 69.Re2 1-0

[Event "3rd EUR-ch"]
[Site "Batumi GEO"]
[Date "2002.06.14"]
[Round "3"]
[White "Olcayoz, Alper"]
[Black "Guseinov, Gadir"]
[Result "1/2-1/2"]
[WhiteElo "2294"]
[BlackElo "2510"]
[EventDate "2002.06.12"]
[PlyCount "72"]

1.d4 d6 2.e4 g6 3.Nf3 Bg7 4.Nc3 e6 5.Be2 a6 6.a4 b6 7.O-O Ne7 8.Re1 Nd7 9.
Bf1 Bb7 10.Bf4 h6 11.h4 Nf6 12.Qd2 Ng4 13.Bg3 Qd7 14.Nh2 Nf6 15.f3 Rd8 16.
Rad1 Qc8 17.Bf2 O-O 18.Be3 Kh7 19.Qf2 Rde8 20.Bd3 e5 21.dxe5 dxe5 22.Bc4 
Nh5 23.Nd5 f5 24.Qd2 Nxd5 25.Bxd5 f4 26.Bf2 Nf6 27.Bxb7 Qxb7 28.Qc3 g5 29.
hxg5 hxg5 30.Ng4 Qc8 31.Nxf6+ Rxf6 32.Kf1 g4 33.Ke2 g3 34.Rh1+ Kg6 35.Be1 
a5 36.Qc4 Ree6 1/2-1/2

[Event "3rd EUR-ch"]
[Site "Batumi GEO"]
[Date "2002.06.14"]
[Round "3"]
[White "Sulashvili, Malkhaz"]
[Black "Kallio, Heikki"]
[Result "1/2-1/2"]
[WhiteElo "2254"]
[BlackElo "2502"]
[EventDate "2002.06.12"]
[PlyCount "68"]

1.e4 e6 2.d4 d5 3.Nc3 Bb4 4.exd5 exd5 5.Bd3 Nc6 6.Ne2 h5 7.a3 Be7 8.Be3 h4
9.h3 Bf6 10.Qd2 Nge7 11.O-O-O Be6 12.Rhe1 Qd7 13.Nf4 O-O-O 14.Nxe6 fxe6 
15.Bb5 a6 16.Bxc6 Qxc6 17.Bf4 Rde8 18.Re2 Nf5 19.Be5 Bxe5 20.Rxe5 Nd6 21.
b3 Rhf8 22.Rde1 Rf6 23.f3 Kb8 24.Kb2 Nf7 25.Nxd5 Nxe5 26.Nxf6 Nxf3 27.gxf3
gxf6 28.Qf4 f5 29.Re3 Rh8 30.Qe5 Rg8 31.Qf4 Rh8 32.Re5 Qd6 33.Qe3 Rd8 34.
Rxe6 Qxd4+ 1/2-1/2

[Event "3rd EUR-ch"]
[Site "Batumi GEO"]
[Date "2002.06.14"]
[Round "3"]
[White "Maherramzade, Javad"]
[Black "Citak, Selim"]
[Result "1-0"]
[WhiteElo "2493"]
[BlackElo "2035"]
[EventDate "2002.06.12"]
[PlyCount "67"]

1.d4 Nf6 2.Nf3 c5 3.d5 b5 4.Bg5 Ne4 5.Bh4 Bb7 6.a4 Qa5+ 7.c3 b4 8.Qd3 bxc3
9.bxc3 f5 10.g4 c4 11.Qxc4 fxg4 12.Qxe4 gxf3 13.Qxf3 Qxd5 14.Qxd5 Bxd5 15.
f3 Nc6 16.Na3 Rb8 17.Bh3 e6 18.Nb5 Bc4 19.Bg3 Rb7 20.Rb1 Bxb5 21.Rxb5 Rxb5
22.axb5 Ne7 23.Bf2 Nc8 24.O-O Bd6 25.c4 Ke7 26.c5 Bc7 27.Bh4+ Kf7 28.Rd1 
d6 29.Bg3 Ke7 30.Ra1 h5 31.Ra6 h4 32.Bf2 Rh5 33.b6 Rg5+ 34.Kf1 1-0

[Event "3rd EUR-ch"]
[Site "Batumi GEO"]
[Date "2002.06.14"]
[Round "3"]
[White "Mareck, Sascha"]
[Black "Minasian, Ara"]
[Result "0-1"]
[WhiteElo "2249"]
[BlackElo "2473"]
[EventDate "2002.06.12"]
[PlyCount "49"]

1.e4 Nf6 2.e5 Nd5 3.d4 d6 4.c4 Nb6 5.f4 dxe5 6.fxe5 Nc6 7.Be3 Bf5 8.Nc3 e6
9.Nf3 Qd7 10.Be2 O-O-O 11.O-O Bg4 12.Ng5 Bxe2 13.Nxe2 Nxc4 14.Rxf7 Qe8 15.
Qb3 Nxe3 16.Rxc7+ Kxc7 17.Nxe6+ Kb8 18.Nxd8 Qxd8 19.Qxe3 Qb6 20.Rd1 Qxb2 
21.Nc3 Bb4 22.Nd5 Qxa2 23.Qe4 Qa4 24.Qg4 h5 25.Qe2 0-1

[Event "3rd EUR-ch"]
[Site "Batumi GEO"]
[Date "2002.06.14"]
[Round "3"]
[White "Chigladze, Iveri"]
[Black "Mamedov, Nidjat"]
[Result "1/2-1/2"]
[WhiteElo "2149"]
[BlackElo "2463"]
[EventDate "2002.06.12"]
[PlyCount "75"]

1.d4 Nf6 2.c4 e6 3.Nc3 Bb4 4.Qc2 c5 5.dxc5 O-O 6.a3 Bxc5 7.Nf3 b6 8.Bg5 
Bb7 9.e3 Be7 10.Be2 d6 11.O-O Nbd7 12.Rfd1 a6 13.Bf4 Qc7 14.Qd2 Ne5 15.
Nxe5 dxe5 16.Bg3 Rfd8 17.Qc2 Rdc8 18.Rac1 Bc6 19.b4 Bd6 20.Qb2 Qe7 21.Na2 
Ne4 22.Bxe5 Qg5 23.f4 Qh4 24.Bf3 Bxe5 25.fxe5 Qg5 26.Rd3 g6 27.Rcd1 Kg7 
28.Qd4 Rd8 29.Qxb6 Nc5 30.Bxc6 Rxd3 31.Rxd3 Nxd3 32.Bxa8 Qh4 33.g3 Qxc4 
34.Qd4 Qc2 35.h3 Qf2+ 36.Kh1 Qf1+ 37.Kh2 Qf2+ 38.Kh1 1/2-1/2

[Event "3rd EUR-ch"]
[Site "Batumi GEO"]
[Date "2002.06.14"]
[Round "3"]
[White "Makharadze, Jambul"]
[Black "Kempinski, Robert"]
[Result "0-1"]
[WhiteElo "2302"]
[BlackElo "2570"]
[EventDate "2002.06.12"]
[PlyCount "110"]

1.d4 Nf6 2.c4 g6 3.Nc3 Bg7 4.e4 O-O 5.f3 c6 6.Be3 d5 7.e5 Ne8 8.f4 Nc7 9.
Nf3 dxc4 10.Bxc4 Nd7 11.O-O Nb6 12.Bd3 Nbd5 13.Qd2 Bh6 14.Rad1 Be6 15.g3 
Bg4 16.Be2 Nxe3 17.Qxe3 Nd5 18.Qd2 Qa5 19.a3 Rad8 20.Nxd5 Qxd5 21.Nh4 Bxe2
22.Qxe2 e6 23.Nf3 Rd7 24.Rc1 Rfd8 25.Rc5 Qb3 26.Rc3 Qb6 27.Kg2 Rd5 28.Rfc1
Bf8 29.Qf2 Rb5 30.R1c2 Be7 31.h4 h5 32.Kh3 Kg7 33.Kg2 Rdd5 34.Qe2 Rb3 35.
Rxb3 Qxb3 36.Qc4 Qb6 37.a4 Qd8 38.b3 Qd7 39.Qe2 Bd8 40.Qe4 Bb6 41.Rc4 a6 
42.Kh3 Ba7 43.Kg2 Qe7 44.Qb1 Qa3 45.Kh3 Rd8 46.Kg2 Kf8 47.Kf1 Rd7 48.Kg2 
Ke7 49.Kf1 Kd8 50.Ke2 Kc7 51.Ke3 Rd5 52.Rc3 Kd7 53.Rd3 c5 54.Ke2 Qb4 55.
dxc5 Qe4+ 0-1

[Event "3rd EUR-ch"]
[Site "Batumi GEO"]
[Date "2002.06.14"]
[Round "3"]
[White "Morchiashvili, Bachana"]
[Black "Gelashvili, Tamaz"]
[Result "1/2-1/2"]
[WhiteElo "2167"]
[BlackElo "2547"]
[EventDate "2002.06.12"]
[PlyCount "124"]

1.d4 g6 2.c4 Bg7 3.Nc3 d6 4.e4 e5 5.dxe5 dxe5 6.Qxd8+ Kxd8 7.Be3 Be6 8.
O-O-O+ Nd7 9.g3 Nf6 10.f3 c6 11.b3 Bf8 12.Bh3 Bxh3 13.Nxh3 Ba3+ 14.Kc2 Ke7
15.Nf2 Bc5 16.Bxc5+ Nxc5 17.Nd3 Nfd7 18.Nxc5 Nxc5 19.Ne2 a5 20.Rd2 h5 21.
Rhd1 h4 22.g4 Rhc8 23.Nc1 f6 24.g5 Rf8 25.gxf6+ Rxf6 26.Nd3 Kd6 27.f4 Nxd3
28.Rxd3+ Kc5 29.fxe5 Re6 30.Rg1 Rxe5 31.Rxg6 Rxe4 32.Rg7 Rf8 33.Rxb7 Re2+ 
34.Rd2 Rxd2+ 35.Kxd2 Rf2+ 36.Kc3 Rxa2 37.Rh7 Rxh2 38.Rh5+ Kb6 39.Kd3 h3 
40.Kc3 Rh1 41.Kb2 c5 42.Ka2 h2 43.Rh6+ Kc7 44.Kb2 Kd7 45.Ka2 Ke7 46.Kb2 
Kf7 47.Ka2 Kg7 48.Rh3 Kf6 49.Kb2 Kf5 50.Rh8 Ke5 51.Re8+ Kf6 52.Rh8 Ke6 53.
Rh5 Kd6 54.Ka2 Kc6 55.Rh6+ Kb7 56.Kb2 Ka7 57.Ka2 a4 58.bxa4 Rc1 59.Rxh2 
Rxc4 60.Kb3 Rb4+ 61.Kc3 Rxa4 62.Rh6 Kb7 1/2-1/2

[Event "3rd EUR-ch"]
[Site "Batumi GEO"]
[Date "2002.06.14"]
[Round "3"]
[White "Petrov, Marijan"]
[Black "Erdogdu, Mert"]
[Result "1-0"]
[WhiteElo "2469"]
[BlackElo "2295"]
[EventDate "2002.06.12"]
[PlyCount "45"]

1.e4 c5 2.Nf3 d6 3.d4 cxd4 4.Nxd4 Nf6 5.Nc3 a6 6.f4 e6 7.Bd3 Qb6 8.Nf3 Nc6
9.Qe2 Be7 10.Bd2 O-O 11.e5 dxe5 12.fxe5 Nd7 13.O-O-O Nc5 14.Bg5 f6 15.exf6
gxf6 16.Bh6 Rf7 17.Bc4 Na5 18.Ne5 fxe5 19.Qg4+ Kh8 20.Rhf1 Nxc4 21.Rd8+ 
Bxd8 22.Bg7+ Kg8 23.Bxe5+ 1-0

[Event "3rd EUR-ch"]
[Site "Batumi GEO"]
[Date "2002.06.14"]
[Round "3"]
[White "Cheparinov, Ivan"]
[Black "Urushadze, Davit"]
[Result "1-0"]
[WhiteElo "2457"]
[BlackElo "2272"]
[EventDate "2002.06.12"]
[PlyCount "99"]

1.e4 c5 2.Nf3 d6 3.d4 cxd4 4.Nxd4 Nf6 5.Nc3 a6 6.Be3 e6 7.g4 h6 8.f3 b5 9.
Qd2 Bb7 10.O-O-O Nbd7 11.h4 b4 12.Na4 Qa5 13.b3 Nc5 14.a3 Nxa4 15.axb4 Qc7
16.bxa4 d5 17.e5 Nd7 18.f4 Nb6 19.Rh3 Nxa4 20.Bf2 Rc8 21.Be1 g6 22.f5 Bg7 
23.f6 Bf8 24.Re3 Nb6 25.Kb1 Nc4 26.Bxc4 Qxc4 27.Kb2 h5 28.g5 a5 29.c3 a4 
30.Ra1 Bc6 31.Qd3 Bd7 32.Qxc4 Rxc4 33.Rd3 Kd8 34.Bf2 Kc7 35.Rf3 Kb7 36.Rf4
Rc8 37.Nc2 Bb5 38.Bd4 Ka6 39.Ne3 Rc6 40.Rf2 Rc8 41.Rd2 Rc6 42.Kb1 Rc8 43.
Nd1 Kb7 44.Nb2 Ra8 45.Ra3 Ra6 46.Rd1 Rc6 47.Rd2 Ra6 48.Kc1 Kb8 49.Kb1 Kb7 
50.Rc2 1-0

[Event "3rd EUR-ch"]
[Site "Batumi GEO"]
[Date "2002.06.14"]
[Round "3"]
[White "Atakisi, Umut"]
[Black "Magalashvili, Davit"]
[Result "1-0"]
[WhiteElo "2358"]
[BlackElo "2160"]
[EventDate "2002.06.12"]
[PlyCount "85"]

1.e4 c5 2.Nf3 d6 3.d4 cxd4 4.Nxd4 Nf6 5.Nc3 a6 6.Bg5 e6 7.f4 Qb6 8.Nb3 Be7
9.Qf3 Nbd7 10.Bd3 Qc7 11.O-O-O b5 12.a3 Bb7 13.Rhe1 Nc5 14.Kb1 O-O-O 15.
Qg3 h6 16.Bxf6 gxf6 17.Qh3 Kb8 18.Qh5 Bf8 19.Bf1 Rc8 20.Rd2 Rg8 21.g3 Ka8 
22.Bg2 Bg7 23.Nxc5 dxc5 24.Red1 b4 25.Rd7 bxc3 26.Rxc7 Rxc7 27.Qe2 cxb2 
28.Rd6 Ka7 29.e5 Bxg2 30.Qxg2 Rb8 31.Qe2 Rb6 32.Qg4 Bf8 33.Rxb6 Kxb6 34.
Qg8 Be7 35.Qxf7 fxe5 36.Qxe6+ Ka7 37.Qxe5 Rb7 38.c4 Bf8 39.f5 Rb6 40.f6 
Rb7 41.g4 Rb3 42.h4 Rxa3 43.Qc7+ 1-0

[Event "3rd EUR-ch"]
[Site "Batumi GEO"]
[Date "2002.06.14"]
[Round "3"]
[White "Yilmaz, Turhan"]
[Black "Dzhakaev, Dzhaka"]
[Result "1-0"]
[WhiteElo "2303"]
[BlackElo "2425"]
[EventDate "2002.06.12"]
[PlyCount "68"]

1.e4 c5 2.Nf3 Nc6 3.d4 cxd4 4.Nxd4 Qc7 5.Nc3 e6 6.Be3 Nf6 7.Bd3 a6 8.O-O 
Bd6 9.Nxc6 dxc6 10.f4 e5 11.f5 b5 12.a4 Rb8 13.axb5 cxb5 14.Bg5 Bb7 15.Kh1
Qb6 16.Qf3 Be7 17.Qg3 O-O 18.Rf3 Rfe8 19.Re1 Rbd8 20.Qh4 h6 21.Be3 Qd6 22.
Qh3 b4 23.Rg3 bxc3 24.Qxh6 Bf8 25.Qh4 Nxe4 26.Rh3 f6 27.Bc4+ Bd5 28.Qxe4 
cxb2 29.Rd1 Bf7 30.Bxf7+ Kxf7 31.Qc4+ Re6 32.Qxe6+ Qxe6 33.fxe6+ Kxe6 34.
Rb1 Rd6 1-0

[Event "3rd EUR-ch"]
[Site "Batumi GEO"]
[Date "2002.06.14"]
[Round "3"]
[White "Haznedaroglu, Kivanc"]
[Black "Gurcan, Selim"]
[Result "1-0"]
[WhiteElo "2345"]
[BlackElo "2283"]
[EventDate "2002.06.12"]
[PlyCount "47"]

1.e4 c5 2.Nf3 d6 3.d4 cxd4 4.Nxd4 Nf6 5.Nc3 a6 6.Be3 e6 7.f3 b5 8.Qd2 Bb7 
9.O-O-O Nbd7 10.Qf2 Rc8 11.Bd3 b4 12.Nce2 d5 13.exd5 Nxd5 14.Nf4 Nxe3 15.
Qxe3 Qb6 16.Be4 Bxe4 17.Qxe4 Nc5 18.Qe2 Be7 19.Nf5 Qa5 20.Nxg7+ Kf8 21.Kb1
Kxg7 22.Qe5+ f6 23.Nxe6+ Kg6 24.Qg3+ 1-0

[Event "3rd EUR-ch"]
[Site "Batumi GEO"]
[Date "2002.06.14"]
[Round "3"]
[White "Ipek, Ali"]
[Black "Gassanov, Assif"]
[Result "1/2-1/2"]
[WhiteElo "2263"]
[BlackElo "2319"]
[EventDate "2002.06.12"]
[PlyCount "88"]

1.d4 Nf6 2.Nf3 e6 3.Bg5 c5 4.e3 Qb6 5.Nbd2 cxd4 6.exd4 Be7 7.Bd3 Nc6 8.Nc4
Qc7 9.c3 Nd5 10.Bxe7 Ncxe7 11.O-O Nf4 12.Re1 Nxd3 13.Qxd3 O-O 14.Ng5 f5 
15.Ne3 h6 16.Nf3 d6 17.Rad1 Ng6 18.Qc4 Qxc4 19.Nxc4 Rd8 20.g3 b6 21.Nfd2 
Kf7 22.f4 Ne7 23.Nf3 Bb7 24.Ncd2 Nd5 25.Kf2 Rac8 26.h3 Nf6 27.Re3 Rg8 28.
Rde1 Bd5 29.b3 g5 30.c4 Be4 31.fxg5 hxg5 32.Ng1 d5 33.Rc3 Rh8 34.Rec1 Rhd8
35.c5 bxc5 36.Rxc5 Rxc5 37.Rxc5 Rd7 38.Ke3 Nh5 39.Ngf3 Kf6 40.Ne5 Rh7 41.
Nxe4+ dxe4 42.Kf2 f4 43.Ng4+ Kg6 44.Ne5+ Kf6 1/2-1/2

[Event "3rd EUR-ch"]
[Site "Batumi GEO"]
[Date "2002.06.14"]
[Round "3"]
[White "Mamedyarova, Zeinab"]
[Black "Kantaria, Mikheil"]
[Result "0-1"]
[WhiteElo "2312"]
[BlackElo "2259"]
[EventDate "2002.06.12"]
[PlyCount "136"]

1.d4 a6 2.Nf3 d6 3.c4 Nf6 4.Nbd2 Nbd7 5.g3 e5 6.Bg2 Be7 7.Qc2 O-O 8.O-O 
Re8 9.b3 Bf8 10.Bb2 c6 11.e4 b6 12.Rad1 Qc7 13.Rfe1 Bb7 14.Nb1 Rac8 15.Nc3
exd4 16.Nxd4 d5 17.Nf5 Re6 18.Ne3 dxc4 19.Nxc4 b5 20.Ne3 Rd8 21.Ncd5 Qb8 
22.Nf4 Ree8 23.a4 Bb4 24.Re2 bxa4 25.bxa4 a5 26.Nf5 Ne5 27.Qc1 Rxd1+ 28.
Qxd1 Rd8 29.Qc1 Ba6 30.Rc2 Bb7 31.Nxg7 Kxg7 32.Ne6+ fxe6 33.Qg5+ Kf7 34.
Bxe5 Rd1+ 35.Bf1 Qd8 36.Bxf6 Rxf1+ 37.Kxf1 Qxf6 38.Qh5+ Qg6 39.Qe5 Qf6 40.
Qh5+ Kg7 41.Qd1 c5 42.Qd3 Kg8 43.Re2 Bc6 44.Re3 Bxa4 45.Kg2 Be8 46.Qa6 a4 
47.Qa8 Qe7 48.Rd3 a3 49.Rd8 Kf8 50.Rb8 c4 51.Rb7 Qd6 52.Rxh7 Qc6 53.Qa7 
Qxe4+ 54.f3 Qc2+ 55.Kh3 Qa4 56.Kg2 Qc2+ 57.Kh3 Qf5+ 58.Kg2 Qf6 59.g4 c3 
60.h4 c2 61.Rc7 Qb2 62.Kh3 c1=Q 63.Rxc1 Qxc1 64.h5 Bd6 65.Kh4 Qe1+ 66.Kg5 
Qe5+ 67.Kh4 Qh2+ 68.Kg5 Be7+ 0-1

[Event "3rd EUR-ch"]
[Site "Batumi GEO"]
[Date "2002.06.14"]
[Round "3"]
[White "Bayram, Yakup"]
[Black "Klerides, Paris"]
[Result "1-0"]
[WhiteElo "2312"]
[BlackElo "2210"]
[EventDate "2002.06.12"]
[PlyCount "77"]

1.d4 Nf6 2.c4 g6 3.Nc3 Bg7 4.e4 d6 5.Nf3 O-O 6.h3 e5 7.d5 Na6 8.Bg5 Qe8 9.
g4 Kh8 10.Qe2 Ng8 11.Nd2 f5 12.f3 Bf6 13.Bxf6+ Nxf6 14.O-O-O c6 15.Qh2 Bd7
16.Be2 cxd5 17.exd5 Nc5 18.Kb1 a6 19.f4 e4 20.g5 Nh5 21.Bxh5 gxh5 22.Qe2 
b5 23.Qe3 b4 24.Ne2 a5 25.Rdg1 Rg8 26.h4 Qf7 27.Nb3 Nd3 28.Ng3 Rgc8 29.
Qd4+ Qg7 30.Nxh5 Qxd4 31.Nxd4 Rxc4 32.Ne6 Rac8 33.Ka1 e3 34.b3 Rc2 35.Nd4 
Rd2 36.g6 hxg6 37.Rxg6 Rc1+ 38.Rxc1 Nxc1 39.Nf6 1-0

[Event "3rd EUR-ch"]
[Site "Batumi GEO"]
[Date "2002.06.14"]
[Round "3"]
[White "Karadeniz, Emre"]
[Black "Ataman, Alper"]
[Result "0-1"]
[WhiteElo "2307"]
[BlackElo "2191"]
[EventDate "2002.06.12"]
[PlyCount "86"]

1.d4 d5 2.Bg5 c6 3.Nf3 Qb6 4.Qc1 Bf5 5.e3 e6 6.Be2 h6 7.Bf4 Nf6 8.O-O Be7 
9.c4 O-O 10.h3 dxc4 11.Nbd2 Nbd7 12.Nxc4 Qd8 13.Nd6 Bxd6 14.Bxd6 Re8 15.b4
Nb6 16.Bh2 Nbd5 17.Qb2 Qb6 18.a3 a6 19.Nd2 Ne4 20.Nc4 Qa7 21.Rac1 Nb6 22.
Na5 Rad8 23.Kh1 Nd6 24.f3 Qa8 25.Rfd1 Rd7 26.Qb3 Bg6 27.g4 Red8 28.Kg2 f6 
29.Rd2 Bf7 30.Qc2 Nd5 31.Kf2 Nb5 32.a4 Nxe3 33.Kxe3 Nxd4 34.Qc5 Nf5+ 35.
gxf5 Rxd2 36.fxe6 Bxe6 37.Qb6 R8d7 38.b5 Qe8 39.Kf2 Bc4 40.Rxc4 Qxe2+ 41.
Kg3 Qxh2+ 42.Kh4 Qe5 43.Rg4 g5+ 0-1

[Event "3rd EUR-ch"]
[Site "Batumi GEO"]
[Date "2002.06.15"]
[Round "4"]
[White "Sulskis, Sarunas"]
[Black "Gagunashvili, Merab"]
[Result "1-0"]
[WhiteElo "2577"]
[BlackElo "2472"]
[EventDate "2002.06.12"]
[PlyCount "95"]

1.e4 c5 2.Nf3 Nc6 3.d4 cxd4 4.Nxd4 Nf6 5.Nc3 e5 6.Ndb5 d6 7.Bg5 a6 8.Bxf6 
gxf6 9.Na3 b5 10.Nd5 f5 11.Bxb5 axb5 12.Nxb5 Ra4 13.O-O Rxe4 14.Nbc7+ Kd7 
15.Qh5 Ne7 16.Qxf7 Kc6 17.c4 Qd7 18.Na8 Ng6 19.Nb4+ Kb7 20.Qd5+ Kb8 21.Nb6
Qb7 22.Qb5 Nf4 23.f3 Re2 24.g3 h5 25.Kh1 Rg8 26.c5 dxc5 27.Nc6+ Kc7 28.
gxf4 Rgg2 29.Nd5+ Kd6 30.fxe5+ Kxd5 31.Rad1+ Rd2 32.Nb4+ Ke6 33.Qe8+ Be7 
34.Rxd2 Rxd2 35.Nc6 Qc7 36.Nxe7 Qd8 37.Qxd8 Rxd8 38.Nxc8 Rxc8 39.f4 Rb8 
40.Rf2 Kd5 41.Kg2 Ra8 42.b3 Ra3 43.Rd2+ Ke6 44.Kg3 c4 45.Kh4 cxb3 46.axb3 
Rxb3 47.Kxh5 Rb8 48.Rd6+ 1-0